Vector mechanics for engineers (Record no. 4856)

000 -LEADER
fixed length control field 00594nam a2200217 a 4500
001 - CONTROL NUMBER
control field 4856
003 - CONTROL NUMBER IDENTIFIER
control field BD-DhUET
008 - FIXED-LENGTH DATA ELEMENTS--GENERAL INFORMATION
fixed length control field 840307s1984 nyua 001 0 eng
020 ## - INTERNATIONAL STANDARD BOOK NUMBER
International Standard Book Number 0070044384
040 ## - CATALOGING SOURCE
Original cataloging agency DLC
Transcribing agency DLC
Modifying agency BD-DhUET
082 00 - DEWEY DECIMAL CLASSIFICATION NUMBER
Classification number 620.1
Item number BEE/1984
100 ## - MAIN ENTRY--PERSONAL NAME
Personal name Beer, Ferdinand P.
245 10 - TITLE STATEMENT
Title Vector mechanics for engineers
Remainder of title statics and dynamics
250 ## - EDITION STATEMENT
Edition statement 4th ed.
260 ## - PUBLICATION, DISTRIBUTION, ETC. (IMPRINT)
Place of publication, distribution, etc. New York
Name of publisher, distributor, etc. McGraw-Hill
Date of publication, distribution, etc. 1984
300 ## - PHYSICAL DESCRIPTION
Extent xxi, 926 p.
Other physical details ill.
Dimensions 24 cm.
504 ## - BIBLIOGRAPHY, ETC. NOTE
Bibliography, etc Includes bibliographies
650 #0 - SUBJECT ADDED ENTRY--TOPICAL TERM
Topical term or geographic name as entry element Engineering instruments
700 1# - ADDED ENTRY--PERSONAL NAME
Personal name Johnston, E. Russell
942 ## - ADDED ENTRY ELEMENTS (KOHA)
Koha item type General Book
Holdings
Koha date last borrowed Koha item type Shelving location Not for loan Koha full call number Copy number Koha issues (times borrowed) Source of classification or shelving scheme Damaged status Sublocation or collection (holding branch) Withdrawn status Price effective from Location (home branch) Lost status Koha normalized classification for sorting Koha date last seen Date acquired Piece designation (barcode)
 General BookCirculation section 620.1/BEE/19841   Central Library, BUET 2014-11-23Central Library, BUET 620_100000000000000_BEE_19842015-12-082014-11-2366051
2022-06-12General BookCirculation section 620.1/BEE/198412  Central Library, BUET 2014-11-24Central Library, BUET 620_000000000000000_1BEE19842022-06-202014-11-2466042
2023-01-10General BookCirculation section 620.1/BEE/198414  Central Library, BUET 2014-11-29Central Library, BUET 620_100000000000000_BEE_19842023-06-072014-11-2966086
2025-04-30General BookCirculation section 620.1 /BEE/1984491  Central Library, BUET 2014-12-11Central Library, BUET 620_100000000000000_BEE_19842025-05-282014-12-1166044
 General BookCirculation section 620.1/BEE/19841   Central Library, BUET 2014-12-11Central Library, BUET 620_100000000000000_BEE_19842015-02-232014-12-1166012
 General BookCirculation section 620.1/BEE/19846   Central Library, BUET 2015-01-19Central Library, BUET 620_100000000000000_BEE_19842015-12-222015-01-1966043
2022-11-21General BookCirculation section 620.1/BEE/198471  Central Library, BUET 2015-02-16Central Library, BUET 620_100000000000000_BEE_19842022-12-132015-02-1681336
2018-04-18General BookCirculation section 620.1/BEE/198411  Central Library, BUET 2015-04-01Central Library, BUET 620_100000000000000_BEE_19842018-04-302015-04-0166048
 Reading ItemReading section 620.1/BEE/19849   Central Library, BUET 2015-06-21Central Library, BUET 620_100000000000000_BEE_19842015-06-212015-06-2166015
 General BookReading section 620.1/BEE/198410   Central Library, BUET 2015-06-22Central Library, BUET 620_100000000000000_BEE_19842015-06-222015-06-2266014
 General BookReading section 620.1/BEE/198411   Central Library, BUET 2015-06-22Central Library, BUET 620_100000000000000_BEE_19842015-06-222015-06-2266013
 Reading ItemReading section 620.01/BEE/198412   Central Library, BUET 2015-06-29Central Library, BUET 620_010000000000000_BEE_19842015-06-292015-06-2966095
 General BookCirculation section 620.1/BEE/198413   Central Library, BUET 2015-07-28Central Library, BUET 620_100000000000000_BEE_19842015-07-282015-07-2875502